000 00290nam a2200109 a 4500
005 20140414131918.0
008 101021s19uu xx 00 eng d
050 _aER
_bW72 1997
245 _aWinnie the Pooh and the honey tree.
260 _aAustalia :
_bWalt Disney,
_c1997.
999 _c111602
_d111602